<?xml version="1.0" encoding="UTF-8"?>
<record
    xmlns:xsi="http://www.w3.org/2001/XMLSchema-instance"
    xsi:schemaLocation="http://www.loc.gov/MARC21/slim http://www.loc.gov/standards/marcxml/schema/MARC21slim.xsd"
    xmlns="http://www.loc.gov/MARC21/slim">

  <leader>02239agaaa2200325   4500</leader>
  <controlfield tag="001">0235</controlfield>
  <controlfield tag="003">IT-RoPAU</controlfield>
  <controlfield tag="005">20220918181231.0</controlfield>
  <controlfield tag="007">d cvaizq</controlfield>
  <controlfield tag="008">50131s9999||||xx ||| |     ||   ||und||</controlfield>
  <datafield tag="040" ind1=" " ind2=" ">
    <subfield code="a">IT-RoPAU</subfield>
    <subfield code="c">IT-RoPAU</subfield>
  </datafield>
  <datafield tag="041" ind1=" " ind2=" ">
    <subfield code="a">ITALIANO</subfield>
  </datafield>
  <datafield tag="100" ind1=" " ind2=" ">
    <subfield code="a">Rolando Giuseppe</subfield>
    <subfield code="g">Codice regista SPICS: 38574</subfield>
    <subfield code="9">40708</subfield>
  </datafield>
  <datafield tag="130" ind1=" " ind2=" ">
    <subfield code="a">TECLA UNA VITA PER IL VANGELO</subfield>
    <subfield code="9">40709</subfield>
  </datafield>
  <datafield tag="245" ind1=" " ind2=" ">
    <subfield code="a">TECLA UNA VITA PER IL VANGELO</subfield>
    <subfield code="c">Prodotto da: Fsp Casa Generalizia -- Sceneggiatura: Ambrosi Olga Galfre' Gemma -- Diretto da: Rolando Giuseppe</subfield>
    <subfield code="p">TECLA UNA VITA PER IL VANGELO (Rif. Codice opera principale : D0235)</subfield>
  </datafield>
  <datafield tag="250" ind1=" " ind2=" ">
    <subfield code="a">Edizione Standard</subfield>
  </datafield>
  <datafield tag="260" ind1=" " ind2=" ">
    <subfield code="a">(ITALIA)</subfield>
    <subfield code="b">ROLFILM / </subfield>
    <subfield code="g">"1995 (1&#xB0; ed.: 1995 ; Ed. Lingua Orig.: 1995)"</subfield>
  </datafield>
  <datafield tag="300" ind1=" " ind2=" ">
    <subfield code="a">VHS</subfield>
    <subfield code="b">sonoro, col.</subfield>
    <subfield code="c">57 minuti</subfield>
  </datafield>
  <datafield tag="508" ind1=" " ind2=" ">
    <subfield code="a">"Fotografia: Dreossi Bruno; Montaggio: D'Ingeo Michele; Musica: Florian Aldo; Sceneggiatura: Ambrosi Olga Galfre' Gemma; Soggetto: Ambrosi Olga -- Galfre' Gemma"</subfield>
  </datafield>
  <datafield tag="511" ind1=" " ind2=" ">
    <subfield code="a">"Radici Anna; Giglio Gero; Zio Michela; Bertoldo Giuliana"</subfield>
  </datafield>
  <datafield tag="520" ind1=" " ind2=" ">
    <subfield code="a">IL FILM PRESENTA LA PERSONALITA' DI TECLA UNA DONNA CHE CON CUORE E MENTE UNIVERSALI HA APERTO VIE NUOVE ALL'EVANGELIZZAZIONE CON I MASS MEDIA. LE SEQUENZE RIPERCORRONO I MOMENTI SALIENTI DELLA SUA VITA E DELLA COMUNITA' DA LEI GUIDATA. DAL SUO PRIMO INCONTRO CON IL PROFETA DEI NOSTRI TEMPI DON ALBERIONE TECLA COGLIE SAPIENTEMENTE LA PORTATA CARISMATICA DELLE SUE INTUIZIONI LE INTERPRETA LE RENDE CONCRETE. CON IL CORAGGIO DELLA FEDE INVIA GIOVANI DONNE IN OGNI PARTE DEL MONDO PERCHE' OVUNQUE LA REALTA' UMANA E SOCIALE SIA ILLUMINATA DALLA LUCE DELLA PAROLA DI DIO. TECLA E' TALMENTE INNAMORATADELLA VOCAZIONE CHE SI ISPIRA A SAN PAOLO DA DESIDERARE DI VIVERE NON UNA MA MILLE VITE COME APOSTOLA PAOLINA.</subfield>
  </datafield>
  <datafield tag="538" ind1=" " ind2=" ">
    <subfield code="a">PAL, STEREO</subfield>
  </datafield>
  <datafield tag="546" ind1=" " ind2=" ">
    <subfield code="a">ITALIANO</subfield>
  </datafield>
  <datafield tag="650" ind1=" " ind2=" ">
    <subfield code="a">DOCUMENTARIO</subfield>
    <subfield code="e">TV-PROGRAMMI RELIGIOSI [VHS]</subfield>
    <subfield code="x">Codice MATERIA SPICS: 9963</subfield>
    <subfield code="9">36814</subfield>
  </datafield>
  <datafield tag="700" ind1=" " ind2=" ">
    <subfield code="a">Ambrosi Olga </subfield>
    <subfield code="e">(soggetto)</subfield>
    <subfield code="g">Codice Soggetto SPICS: 9934</subfield>
    <subfield code="9">40710</subfield>
  </datafield>
  <datafield tag="700" ind1=" " ind2=" ">
    <subfield code="a">Florian Aldo</subfield>
    <subfield code="e">(musica)</subfield>
    <subfield code="g">Codice Musica SPICS: 43364</subfield>
    <subfield code="9">40711</subfield>
  </datafield>
  <datafield tag="700" ind1=" " ind2=" ">
    <subfield code="a">Galfre' Gemma </subfield>
    <subfield code="e">(soggetto)</subfield>
    <subfield code="g">Codice Soggetto 2&#xB0; SPICS: 43363</subfield>
    <subfield code="9">40712</subfield>
  </datafield>
  <datafield tag="700" ind1=" " ind2=" ">
    <subfield code="a">Rolando Giuseppe </subfield>
    <subfield code="e">(regista)</subfield>
    <subfield code="g">Codice regista SPICS: 38574</subfield>
    <subfield code="9">40713</subfield>
  </datafield>
  <datafield tag="942" ind1=" " ind2=" ">
    <subfield code="c">VH</subfield>
    <subfield code="2">ddc</subfield>
  </datafield>
  <datafield tag="999" ind1=" " ind2=" ">
    <subfield code="c">105316</subfield>
    <subfield code="d">105316</subfield>
  </datafield>
  <datafield tag="952" ind1=" " ind2=" ">
    <subfield code="0">0</subfield>
    <subfield code="1">0</subfield>
    <subfield code="4">0</subfield>
    <subfield code="6">D_0235_000000000000000</subfield>
    <subfield code="7">1</subfield>
    <subfield code="a">SPICS</subfield>
    <subfield code="b">SPICS</subfield>
    <subfield code="d">2015-01-31</subfield>
    <subfield code="l">0</subfield>
    <subfield code="o">D0235</subfield>
    <subfield code="r">2015-01-31 00:00:00</subfield>
    <subfield code="w">2015-01-31</subfield>
    <subfield code="y">VH</subfield>
    <subfield code="z">Progr. Ins.: 515 / N.Vol.:1 / Copie: 1 / Pag.:0 / Copia rara: n.d. / date import: 1.2.2015 / By Epidotti, Trombetti, Vaglietti</subfield>
  </datafield>
</record>
